Ground-water investigations in the Mobile area, Alabama. (Record no. 28283)

MARC details
000 -LEADER
fixed length control field 00850cam a22002411 4500
001 - CONTROL NUMBER
control field gs 48000231
003 - CONTROL NUMBER IDENTIFIER
control field DLC
005 - DATE AND TIME OF LATEST TRANSACTION
control field 20260227111354.0
008 - FIXED-LENGTH DATA ELEMENTS--GENERAL INFORMATION
fixed length control field 750326s1947 xx 000 0 eng
010 ## - LIBRARY OF CONGRESS CONTROL NUMBER
LC control number gs 48000231
035 ## - SYSTEM CONTROL NUMBER
System control number (OCoLC)1239246
040 ## - CATALOGING SOURCE
Original cataloging agency DLC
Transcribing agency OAU
Modifying agency OCoLC
-- DLC
050 00 - LIBRARY OF CONGRESS CALL NUMBER
Classification number QE81
Item number .A15 no. 58
100 1# - MAIN ENTRY--PERSONAL NAME
Personal name Peterson, Carl G. B.,
Dates associated with a name 1903-
245 10 - TITLE STATEMENT
Title Ground-water investigations in the Mobile area, Alabama.
Statement of responsibility, etc. Prepared by the U.S. Geological Survey in cooperation with the Geological Survey of Alabama.
260 ## - PUBLICATION, DISTRIBUTION, ETC.
Place of publication, distribution, etc. University,
Date of publication, distribution, etc. 1947.
300 ## - PHYSICAL DESCRIPTION
Extent 32 p.
Other physical details illus., fold. map (in pocket)
Dimensions 23 cm.
410 20 - SERIES STATEMENT/ADDED ENTRY--CORPORATE NAME [OBSOLETE, CAN/MARC], [LOCAL, USA]
Corporate name or jurisdiction name as entry element Geological Survey of Alabama
Title of a work Bulletin
Volume number/sequential designation 58
504 ## - BIBLIOGRAPHY, ETC. NOTE
Bibliography, etc. note "References": p. 23-24.
650 #0 - SUBJECT ADDED ENTRY--TOPICAL TERM
Topical term or geographic name entry element Groundwater
Geographic subdivision Alabama
-- Mobile.
650 #0 - SUBJECT ADDED ENTRY--TOPICAL TERM
Topical term or geographic name entry element Water-supply
Geographic subdivision Alabama
-- Mobile.
710 2# - ADDED ENTRY--CORPORATE NAME
Corporate name or jurisdiction name as entry element Geological Survey (U.S.)

No items available.

Powered by Koha